000 00706nam a2200289Ia 4500
005 20260324131233.0
008 008 260324s9999 xx 000 0 eng d
020 _a9780203726259
037 _aEBOOK
040 _aCRL
040 _beng
040 _cCRL
041 _2eng
041 _aeng
084 _qCRL
100 _aStephanie C. Boddie; Ram A. Cnaan
_91184745
245 0 _aFaith-Based Social Services
245 0 _bMeasures, Assessments, and Effectiveness
260 _bTaylor and Francis
260 _c2006
365 _a
365 _b180
856 _uhttp://www.taylorfrancis.com/books/9780203726259
942 _cEBOOK
999 _c1781719
_d1781719